000 00416nam a2200181Ia 4500
001 3280
005 20260306144909.0
008 260306t1988||||xx |||||||||||||| ||spa||
041 _aESP
082 _a263.1
_bM41-1
100 _aMello, Anthony de
_eAUT
245 0 _aLa oración de la rana
260 _c1988
300 _a276 páginas :
_c21 cm.
650 _aGEN
654 _aCHU
942 _cLIB
_dJUS
_fJUS
_2ddc
_n
999 _c3280
_d3280